Music in my time: and other reminiscences

Guardado en:
Detalles Bibliográficos
Autor principal: Mason, Daniel Gregory (autor)
Formato: Libro
Lenguaje:inglés
Publicado: Nueva York The MacMillan Company 1938
Edición:1a. ed
Colección:New MacMillan Biography
Materias:
Etiquetas: Agregar Etiqueta
Sin Etiquetas, Sea el primero en etiquetar este registro!

MARC

LEADER 00000cam a2200000 a 4500
001 UCF3730
003 CL-VaPUC
008 121031e19380000US |||||||||||||||||eng|d
082 0 4 |a 927.8  |b MAS  |2 21 
100 |a Mason, Daniel Gregory  |e autor  |9 565465 
245 1 0 |a Music in my time: and other reminiscences 
250 |a 1a. ed 
300 |a 409 p 
942 |c BK 
945 |d 20121031 00:00:00  |a cmena 
260 |a Nueva York  |b The MacMillan Company  |c 1938 
650 0 |a Músicos estadounidenses   |9 457914 
650 0 |a Correspondencia  |9 258963 
583 |a last modification  |c 20121031 10:09:00  |k Rodrigo Vera 
490 0 |a New MacMillan Biography 
999 |c 349890  |d 349888 
952 |0 0  |1 0  |2 ddc  |4 0  |6 927_800000000000000_MAS_1938  |7 0  |8 A  |9 452770  |a BIBART  |b BIBART  |d 2019-11-22  |i 4811607  |o 927.8 MAS 1938  |p 4811607  |r 2023-01-11  |w 2019-11-22  |y BK  |k ART